000
00295 a2200133 4500
005
20250415085154.0
020
_a
1-4088-7688-6
082
_a
827 PEA
100
_a
PEARS, T.
245
_a
The Horseman
260
_a
London,
_b
Bloomsbury,
_c
2017.
300
_a
302p.,
_c
21cm.
942
_2
ddc
_c
BKS
999
_c
1423
_d
1423